Movies by emojis #3 - Statistics

General Stats
  • This quiz has been taken 967 times
  • The average score is 11 of 15
Answer Stats
Hint Answer % Correct
πŸ•·πŸ§ Spiderman
95%
πŸ€πŸ₯˜πŸπŸ² Ratatouille
94%
πŸ‘½πŸš² ET
89%
πŸ‘¦πŸ«πŸ­ Charlie and the chocolate factory
86%
πŸ‘§πŸ•³οΈπŸ‡πŸŽ©πŸ±β€οΈπŸ€ Alice in wonderland
82%
πŸ©πŸπŸ• Lady and the tramp
80%
πŸ›πŸžπŸ¦‹πŸ•·πŸ¦—πŸœ A bugs life
78%
πŸš—πŸ‘»πŸ§‘β€πŸ€β€πŸ§‘ Ghostbusters
74%
πŸ§β€β™€β˜‚πŸ‘œ Mary poppins
71%
πŸ§β€β™€πŸͺ·πŸŒŠπŸ”πŸ–β›΅πŸŒ‹ Moana
69%
πŸ‘¨βœ‚οΈπŸ™Œ Edward scissor hands
61%
πŸ‘“βš‘ Harry potter
60%
πŸŒƒπŸ¬πŸ‘¨πŸ”¦πŸ—Ώ Night at the museum
55%
πŸ‘ΉπŸ‰βš”πŸ§β€β™€πŸ’‡β€β™€οΈ Mulan
54%
πŸ‘§πŸ“šπŸ‘«πŸ˜€πŸ˜  Matilda
23%
No matching quizzes found
Score Distribution
Percent of People with Each Score
Percentile by Number Answered
Your Score History
You have not taken this quiz